000 00323nam a22001457a 4500
008 210519b ||||| |||| 00| 0 eng d
020 _a0893916579
041 _aeng
080 _a004
082 _a004
100 _a28
101 _aSHKI
245 _aComputer Based Training
_cTheodore M. Shlechter
942 _2udc
_cBK
999 _c57522
_d57522